000 00425nam a22001811a 4500
001 1816
003 OSt
005 20260204211748.0
008 040122s ||||sp ||||||b||||||||||spa||
050 _a863 W459h
082 _a808.83 W459h
100 _aWells, H. George
245 _aEl hombre invisible / H. George Wells
264 _aEstados Unidos de América
300 _a207 p.
650 _aNovelaÌ
942 _2ddc
_cBK
999 _c1816
_d1816